[Event "VII Torneo Magistral"]
[Site "Madrid"]
[Date "1998.05.13"]
[Round "3"]
[White "Illescas Cordoba, Miguel"]
[Black "Yermolinsky, Alex"]
[Result "1-0"]
[WhiteElo "2600"]
[BlackElo "2660"]
[PlyCount "87"]
[EventDate "1998.05.11"]

1. e4 c5 2. Nc3 e6 3. Nf3 d6 4. d4 cxd4 5. Nxd4 Nf6 6. Be2 Be7 7. O-O Nc6 8.
Be3 Bd7 9. Nb3 a6 10. f4 b5 11. a3 O-O 12. Bf3 Qc7 13. g4 Bc8 14. g5 Nd7 15.
Bg2 Nb6 16. f5 Nc4 17. Bc1 Re8 18. Qh5 N6e5 19. Kh1 Qb6 20. Bf4 Bf8 21. Rad1
Bd7 22. Nd4 g6 23. Qh4 Bg7 24. f6 Bf8 25. b3 Nxa3 26. Bxe5 dxe5 27. Nf5 exf5
28. Rxd7 Qe6 29. Rfd1 Nxc2 30. exf5 gxf5 31. Rc7 Rad8 32. Bd5 Rxd5 33. Nxd5 Nd4
34. Ne3 Qxb3 35. g6 hxg6 36. Rg1 Bg7 37. Rxg6 Qb1+ 38. Kg2 Ne6 39. Rxg7+ Nxg7
40. fxg7 Kxg7 41. Qg5+ Kf8 42. Qh6+ Kg8 43. Qg5+ Kf8 44. Qh5 1-0

[Event "VII Torneo Magistral"]
[Site "Madrid"]
[Date "1998.05.15"]
[Round "4"]
[White "Svidler, Peter"]
[Black "San Segundo, Pablo"]
[Result "1/2-1/2"]
[WhiteElo "2690"]
[BlackElo "2505"]
[PlyCount "60"]
[EventDate "1998.05.11"]

1. e4 c5 2. Nf3 Nc6 3. d4 cxd4 4. Nxd4 Nf6 5. Nc3 e5 6. Ndb5 d6 7. Bg5 a6 8.
Na3 b5 9. Bxf6 gxf6 10. Nd5 f5 11. c3 Bg7 12. exf5 Bxf5 13. Nc2 O-O 14. Nce3
Be6 15. Bd3 f5 16. O-O Ra7 17. Qh5 Raf7 18. g4 e4 19. Bc2 Ne5 20. Nf4 Bd7 21.
Bb3 fxg4 22. Ne6 Bxe6 23. Bxe6 Kh8 24. Bxf7 Rxf7 25. Rad1 Qf8 26. Kh1 Rf3 27.
Nxg4 Rf5 28. Qh3 Rf3 29. Qh5 Rf5 30. Qh3 Rf3 1/2-1/2